[Event "Chigorin Memorial 26th"]
[Site "St Petersburg"]
[Date "2018.11.04"]
[Round "9"]
[White "Grishaev, Igor"]
[Black "Tahay, Romain"]
[Result "0-1"]
[WhiteElo "1893"]
[BlackElo "2089"]
[PlyCount "112"]
[EventDate "2018.10.27"]
[EventType "swiss"]
[EventRounds "9"]
[EventCountry "RUS"]
[SourceTitle "CBM 187 Extra"]
[Source "ChessBase"]
[SourceDate "2018.11.04"]
[SourceVersion "1"]
[SourceVersionDate "2018.11.04"]
[SourceQuality "1"]

1. d4 Nf6 2. c4 g6 3. Nc3 d5 4. e3 Bg7 5. Nf3 c5 6. cxd5 Nxd5 7. Nxd5 Qxd5 8. Qc2 Nc6 9. Bc4 Qh5 10. dxc5 0-0 11. a3 Bf5 12. Qe2 Bg4 13. Qc2 Bxf3 14. gxf3 Ne5 15. f4 Nf3+ 16. Kf1 Qh3+ 17. Ke2 Qg4 18. Kf1 Rad8 19. h3 Nh2+ 20. Rxh2 Rd1+ 21. Qxd1 Qxd1+ 22. Kg2 Rc8 23. Rh1 Qc2 24. Bd5 Rxc5 25. Bxb7 e5 26. fxe5 Rxe5 27. h4 Rf5 28. Bf3 Rxf3 29. Kxf3 f5 30. Rg1 Bf6 31. h5 g5 32. Kg2 g4 33. a4 Bh4 34. Kh1 Bxf2 35. Rg2 Qd1+ 36. Kh2 g3+ 37. Rxg3+ Bxg3+ 38. Kxg3 Qg4+ 39. Kf2 Qh4+ 40. Ke2 Qxh5+ 41. Kd2 Qh2+ 42. Kd3 Qg1 43. Kc2 h5 44. Rb1 f4 45. Bd2 Qg6+ 46. Kc1 f3 47. Be1 Qd3 48. b4 Qxe3+ 49. Kc2 Qe2+ 50. Kb3 Qd3+ 51. Kb2 Qe2+ 52. Kb3 f2 53. Bxf2 Qxf2 54. b5 h4 55. Rb2 Qxb2+ 56. Kxb2 h3 0-1

[Event "Chigorin Memorial 26th"]
[Site "St Petersburg"]
[Date "2018.10.30"]
[Round "4"]
[White "Konaplev, Anton"]
[Black "Tahay, Romain"]
[Result "1-0"]
[WhiteElo "2320"]
[BlackElo "2089"]
[PlyCount "61"]
[EventDate "2018.10.27"]
[EventType "swiss"]
[EventRounds "9"]
[EventCountry "RUS"]
[SourceTitle "CBM 187 Extra"]
[Source "ChessBase"]
[SourceDate "2018.11.04"]
[SourceVersion "1"]
[SourceVersionDate "2018.11.04"]
[SourceQuality "1"]

1. d4 Nf6 2. c4 g6 3. Nc3 d5 4. e3 Bg7 5. Qb3 c6 6. Nf3 0-0 7. Be2 dxc4 8. Bxc4 b5 9. Be2 Be6 10. Qc2 h6 11. 0-0 Nbd7 12. e4 Rc8 13. h3 Nb6 14. Rd1 Qc7 15. Be3 Bc4 16. b3 Bxe2 17. Nxe2 Nfd7 18. Rac1 Qb8 19. a4 e5 20. a5 Na8 21. Nxe5 Nxe5 22. dxe5 Qxe5 23. Rd7 a6 24. Rcd1 c5 25. R7d5 Qc7 26. Rxc5 Qb7 27. Nf4 b4 28. Nd5 Rce8 29. Qc4 Re5 30. f3 Rb8 31. Bf4 1-0

[Event "Barcelona Sant Marti op-A 18th"]
[Site "Barcelona"]
[Date "2016.07.21"]
[Round "9"]
[White "Tahay, Romain"]
[Black "Guix Torres, David"]
[Result "1-0"]
[WhiteElo "1942"]
[BlackElo "2052"]
[PlyCount "49"]
[EventDate "2016.07.13"]
[EventType "swiss"]
[EventRounds "9"]
[EventCountry "ESP"]
[SourceTitle "CBM 173 Extra"]
[Source "ChessBase"]
[SourceDate "2016.08.29"]
[SourceVersion "1"]
[SourceVersionDate "2016.08.29"]
[SourceQuality "1"]

1. d4 Nf6 2. Nf3 c5 3. d5 b5 4. c4 g6 5. cxb5 a6 6. e3 Bg7 7. Nc3 0-0 8. a4 Bb7 9. Ra3 e6 10. dxe6 fxe6 11. Qd6 Qc8 12. Be2 Ne8 13. Qg3 d5 14. 0-0 Nd7 15. Ng5 Ne5 16. Qh3 Rf5 17. Qxh7+ Kf8 18. f4 Nf6 19. Qh4 d4 20. fxe5 Rxf1+ 21. Bxf1 Nh5 22. Qf2+ Kg8 23. Qf7+ Kh8 24. Qxg6 Kg8 25. Qf7+ 1-0

[Event "Barcelona Sant Marti op-A 18th"]
[Site "Barcelona"]
[Date "2016.07.13"]
[Round "1"]
[White "Tahay, Romain"]
[Black "Larsson, Anders"]
[Result "0-1"]
[WhiteElo "1942"]
[BlackElo "2226"]
[PlyCount "70"]
[EventDate "2016.07.13"]
[EventType "swiss"]
[EventRounds "9"]
[EventCountry "ESP"]
[SourceTitle "CBM 173 Extra"]
[Source "ChessBase"]
[SourceDate "2016.08.29"]
[SourceVersion "1"]
[SourceVersionDate "2016.08.29"]
[SourceQuality "1"]

1. d4 e6 2. c4 Bb4+ 3. Nc3 c5 4. a3 Bxc3+ 5. bxc3 Qa5 6. Bd2 Nf6 7. Qc2 d6 8. Nf3 0-0 9. e4 e5 10. d5 Bg4 11. h3 Bxf3 12. gxf3 Nh5 13. Rg1 Nd7 14. Qb2 Qc7 15. Rb1 Rab8 16. Qc1 Kh8 17. Bd3 f6 18. Rg4 Rfe8 19. Rh4 g6 20. Ke2 Nf8 21. Qg1 Qf7 22. Qg4 Nf4+ 23. Bxf4 exf4 24. Rh6 Kg7 25. Rh5 Kh8 26. Rh6 Kg7 27. Rh5 Nd7 28. Rf5 Ne5 29. Qg2 Qd7 30. Rxf4 Qa4 31. Ra1 b5 32. cxb5 c4 33. Bb1 Qb3 34. Ra2 Qxb1 35. Rd2 Nd3 0-1

[Event "Barcelona Sant Marti op-B 15th"]
[Site "Barcelona"]
[Date "2013.07.21"]
[Round "9"]
[White "Tahay, Romain"]
[Black "Bernat Pascual, Magi"]
[Result "1/2-1/2"]
[WhiteElo "1553"]
[BlackElo "1511"]
[PlyCount "94"]
[EventDate "2013.07.13"]
[EventType "swiss"]
[EventRounds "9"]
[EventCountry "ESP"]
[SourceTitle "CBM 155 Extra"]
[Source "ChessBase"]
[SourceDate "2013.08.26"]
[SourceVersion "1"]
[SourceVersionDate "2013.08.26"]
[SourceQuality "1"]

1. d4 d5 2. c4 c6 3. Nf3 Nf6 4. Nc3 e6 5. Bg5 Nbd7 6. e3 Qa5 7. Bxf6 Nxf6 8. a3 Ne4 9. Qb3 Nxc3 10. Qxc3 Qxc3+ 11. bxc3 Be7 12. cxd5 cxd5 13. c4 dxc4 14. Bxc4 0-0 15. a4 Bd7 16. Ne5 Rfd8 17. Nxd7 Rxd7 18. Ke2 Rc7 19. Bd3 Rac8 20. a5 g6 21. a6 bxa6 22. Rxa6 Rb8 23. Rha1 Bf6 24. Rxa7 Rxa7 25. Rxa7 Bg7 26. g3 Rb2+ 27. Kf1 Rb8 28. Rd7 Rb3 29. Be4 Rb4 30. Bf3 Rb8 31. Ra7 Rd8 32. Ra8 Rxa8 33. Bxa8 Kf8 34. Ke2 Ke7 35. f4 h6 36. g4 Kd6 37. Kd3 f6 38. e4 e5 39. fxe5+ fxe5 40. d5 Kc5 41. g5 hxg5 42. Ke3 g4 43. Kf2 Bh6 44. Kg3 Bf4+ 45. Kxg4 Bxh2 46. Kg5 Kd6 47. Kxg6 Bf4 1/2-1/2

[Event "Barcelona Sant Marti op-B 15th"]
[Site "Barcelona"]
[Date "2013.07.14"]
[Round "2"]
[White "Molina Cabaleiro, Juan Jose"]
[Black "Tahay, Romain"]
[Result "1-0"]
[WhiteElo "1801"]
[BlackElo "1553"]
[PlyCount "45"]
[EventDate "2013.07.13"]
[EventType "swiss"]
[EventRounds "9"]
[EventCountry "ESP"]
[SourceTitle "CBM 155 Extra"]
[Source "ChessBase"]
[SourceDate "2013.08.26"]
[SourceVersion "1"]
[SourceVersionDate "2013.08.26"]
[SourceQuality "1"]

1. e4 c5 2. d4 cxd4 3. c3 dxc3 4. Nxc3 Nc6 5. Nf3 d6 6. Bc4 e6 7. 0-0 Nf6 8. Qe2 Qc7 9. Bf4 Ne5 10. Bxe5 dxe5 11. Rac1 Qb8 12. Nb5 Bd6 13. Rfd1 Bc5 14. b4 Bb6 15. Nd6+ Ke7 16. Nxe5 Rf8 17. Nf5+ exf5 18. Nc6+ bxc6 19. exf5+ Ne4 20. Qxe4+ Kf6 21. Re1 g6 22. Qe7+ Kg7 23. f6+ 1-0

[Event "FRA-chT U20 1112"]
[Site "France"]
[Date "2011.12.18"]
[Round "5"]
[White "Burri, Quentin"]
[Black "Tahay, Romain"]
[Result "1-0"]
[WhiteElo "1716"]
[BlackElo "1290"]
[PlyCount "91"]
[EventDate "2011.12.03"]
[EventType "team-swiss"]
[EventRounds "7"]
[EventCountry "FRA"]
[SourceTitle "EXT 2013"]
[Source "ChessBase"]
[SourceDate "2012.11.22"]
[SourceVersion "1"]
[SourceVersionDate "2012.11.22"]
[SourceQuality "1"]

1. e4 c5 2. Nc3 e6 3. f4 Nc6 4. Nf3 d6 5. d3 Nge7 6. g3 a6 7. Bg2 g6 8. 0-0 Bg7 9. h3 0-0 10. g4 Nd4 11. Ne2 Nxe2+ 12. Qxe2 b6 13. Re1 Bb7 14. c3 Re8 15. Qf2 f5 16. Ng5 Nc8 17. exf5 Rb8 18. Bxb7 Rxb7 19. fxe6 b5 20. f5 b4 21. fxg6 hxg6 22. Qf7+ Rxf7 23. exf7+ Kf8 24. Rxe8+ Qxe8 25. fxe8Q+ Kxe8 26. Bd2 bxc3 27. Bxc3 Bh6 28. Nf3 Be3+ 29. Kg2 Kf7 30. Rf1 Kg8 31. Re1 Bf4 32. Re8+ Kf7 33. Rxc8 Ke6 34. Bd2 Bxd2 35. Nxd2 Kd5 36. Rd8 Kc6 37. h4 d5 38. h5 gxh5 39. gxh5 d4 40. h6 Kc7 41. Rg8 c4 42. Nxc4 Kc6 43. h7 a5 44. h8Q Kb5 45. Qe5+ Kb4 46. Qxa5# 1-0

[Event "FRA-chT U20 1112"]
[Site "France"]
[Date "2011.12.04"]
[Round "2.5"]
[White "Tahay, Romain"]
[Black "Strohl, Antoine"]
[Result "0-1"]
[WhiteElo "1290"]
[BlackElo "1670"]
[PlyCount "76"]
[EventDate "2011.12.03"]
[EventType "team-swiss"]
[EventRounds "7"]
[EventCountry "FRA"]
[SourceTitle "EXT 2013"]
[Source "ChessBase"]
[SourceDate "2012.11.22"]
[SourceVersion "1"]
[SourceVersionDate "2012.11.22"]
[SourceQuality "1"]

1. d4 Nf6 2. c4 c5 3. d5 b5 4. cxb5 a6 5. b6 d6 6. Nc3 Nbd7 7. e4 g6 8. Nf3 Bg7 9. Bd3 0-0 10. 0-0 Nxb6 11. h3 Rb8 12. Rb1 Nfd7 13. Qc2 Qc7 14. Bg5 Re8 15. Rfc1 Bb7 16. Nd2 Rbc8 17. f4 e6 18. dxe6 fxe6 19. f5 Bd4+ 20. Kf1 c4 21. Be2 exf5 22. exf5 Bxg2+ 23. Kxg2 Bxc3 24. Bxc4+ Nxc4 25. Nxc4 Qxc4 26. Qxc3 Qe2+ 27. Kg1 Rxc3 28. Rxc3 Ne5 29. Bf4 Nf3+ 30. Kh1 Qe4 31. Rg1 Nh4+ 32. Kh2 Qxf4+ 33. Kh1 Re2 34. Rc8+ Kg7 35. f6+ Kh6 36. Rxg6+ Nxg6 37. Kg1 Qf2+ 38. Kh1 Qg2# 0-1